[Event "Montagne Rapid op 2nd"]
[Site "Montagne"]
[Date "2021.08.22"]
[Round "1"]
[White "Aboud, Tony"]
[Black "Cornette, Matthieu"]
[Result "0-1"]
[WhiteElo "1603"]
[BlackElo "2567"]
[PlyCount "64"]
[EventDate "2021.08.22"]
[EventType "swiss (rapid)"]
[EventRounds "9"]
[EventCountry "FRA"]
[SourceTitle "CBM 203 Extra"]
[Source "ChessBase"]
[SourceDate "2021.09.30"]
[SourceVersion "1"]
[SourceVersionDate "2021.09.30"]
[SourceQuality "1"]

1. c4 b6 2. d4 Bb7 3. Nc3 e6 4. e4 Bb4 5. d5 Qe7 6. Bd2 exd5 7. cxd5 Nf6 8. f3 Nxd5 9. Nxd5 Bxd5 10. Bxb4 Qxb4+ 11. Qd2 Qxd2+ 12. Kxd2 Bb7 13. Bc4 Nc6 14. Ne2 Ne5 15. Bb3 0-0 16. Rac1 c5 17. Rhd1 Rfd8 18. Ke1 Ba6 19. Rc3 c4 20. Bc2 b5 21. a3 Bb7 22. Nd4 a6 23. Nf5 Bc6 24. Nd6 a5 25. b3 b4 26. axb4 axb4 27. Re3 c3 28. Kf2 Ra2 29. Rc1 Rda8 30. Kg3 Rb2 31. f4 Raa2 32. Re2 Nd3 0-1

[Event "Reunion op 09th"]
[Site "Reunion"]
[Date "2007.10.16"]
[Round "4"]
[White "Seegolam, Pradeep"]
[Black "Aboud, Tony"]
[Result "1-0"]
[WhiteElo "2074"]
[BlackElo "1801"]
[PlyCount "40"]
[EventDate "2007.10.14"]
[EventType "swiss"]
[EventRounds "9"]
[EventCountry "RUF"]
[SourceTitle "EXT 2012"]
[Source "ChessBase"]
[SourceDate "2011.11.24"]
[SourceVersion "1"]
[SourceVersionDate "2011.11.24"]
[SourceQuality "1"]

1. e4 c5 2. Nf3 d6 3. d4 cxd4 4. Nxd4 Nf6 5. Nc3 a6 6. Be2 Nc6 7. 0-0 g6 8. Be3 Bg7 9. f4 0-0 10. h3 Re8 11. Bf3 e5 12. Nxc6 bxc6 13. fxe5 dxe5 14. Qe2 Qc7 15. Na4 Qa5 16. Qf2 Qc7 17. Rad1 Be6 18. g4 Re7 19. Nc5 Qc8 20. Be2 Raa7 1-0